សិក្សាអំពីលក្ខណៈជីវសាស្រ្តបណ្តុះគ្រាប់ និង ការដាំកូនឈើ acacia auriculiformis នៅលើថ្នាល (Record no. 2853)

000 -LEADER
fixed length control field 00600nam a22001577a 4500
003 - CONTROL NUMBER IDENTIFIER
control field OSt
005 - DATE AND TIME OF LATEST TRANSACTION
control field 20151030103359.0
008 - FIXED-LENGTH DATA ELEMENTS--GENERAL INFORMATION
fixed length control field 151030b xxu||||| |||| 00| 0 eng d
040 ## - CATALOGING SOURCE
Transcribing agency RUA
082 ## - DEWEY DECIMAL CLASSIFICATION NUMBER
Classification number FOR វណ្ណ1989 B115 Or.1
100 ## - MAIN ENTRY--PERSONAL NAME
9 (RLIN) 3060
Personal name វណ្ណ សូផាណ្ណា
245 ## - TITLE STATEMENT
Title សិក្សាអំពីលក្ខណៈជីវសាស្រ្តបណ្តុះគ្រាប់ និង ការដាំកូនឈើ acacia auriculiformis នៅលើថ្នាល
260 ## - PUBLICATION, DISTRIBUTION, ETC. (IMPRINT)
Place of publication, distribution, etc. Phnom Penh
Name of publisher, distributor, etc. RUA
Date of publication, distribution, etc. 1989
300 ## - PHYSICAL DESCRIPTION
Extent 94p.
Other physical details ill.
Dimensions 29cm.
942 ## - ADDED ENTRY ELEMENTS (KOHA)
Source of classification or shelving scheme
Koha item type FOR

No items available.

មជ្ឈមណ្ឌលឯការនៃសាកលវិទ្យាល័យភូមិន្ទកសិកម្មចំការដូង

Powered by Koha